MARC

LEADER 00000nam0a2200000 4500
001 255558
005 20231101233033.0
020 |a RU  |b 89-33787 
035 |a (RuTPU)RU\TPU\book\278074 
090 |a 255558 
100 |a 20140329d1989 k y0rusy5003 ca 
101 0 |a rus 
102 |a RU 
105 |a y z 100zy 
200 1 |a Основные результаты исследований Совместной Советско-Монгольской палеонтологической экспедиции за 1969-1988 годы  |e тезисы докладов  |f  Академия наук СССР (АН СССР), Палеонтологический институт (ПИН) 
210 |a Москва  |c [Б. и.]  |d 1989 
215 |a 47 с.  |d 21 см 
606 1 |a Палеонтология  |y Монголия  |2 stltpush  |3 (RuTPU)RU\TPU\subj\48014  |9 66896 
610 1 |a Монгольская Народная Республика 
610 1 |a палеонтологические экспедиции 
610 1 |a 20 век 
610 1 |a млекопитающие 
610 1 |a птицы 
610 1 |a макроэволюция 
610 1 |a динозавры 
610 1 |a лацертилии 
610 1 |a летающие ящеры 
610 1 |a птерозавры 
610 1 |a кайнозой 
610 1 |a ихтиофауна 
610 1 |a насекомые 
610 1 |a ископаемые остатки 
610 1 |a моллюски 
610 1 |a мезозой 
610 1 |a флора 
610 1 |a палеогеновые отложения 
610 1 |a пермские отложения 
610 1 |a морские отложения 
610 1 |a тезисы докладов 
675 |a 56(517)(063)  |z rus  |v 3 
712 0 2 |a Академия наук СССР (АН СССР)  |b Палеонтологический институт (ПИН)  |b Совместная советско-монгольская палеонтологическая экспедиция  |c (1969-1992)  |2 stltpush  |3 (RuTPU)RU\TPU\col\21278 
801 0 |a RU  |b RuMRKP  |c 19950417  |g psbo 
801 1 |a RU  |b 63413507  |c 20140329 
801 2 |a RU  |b 63413507  |c 20151218  |g RCR 
942 |c BK